00572nam a2200169 a 450000500170000000800410001702000180005805000180007610000160009424500840011026000270019430000100022144000300023165000120026199900190027395201100029220140412111240.0001116s19uu xx 00 eng d a0-7214-0891-5 aERbHe34 1985 aMurdock, Hy aHere we go round the Mulberry bush /cHy Murdock; illustrated by Chris Russell. aUK :bLadybird,c1985. a43 p. aRead It Yourself, Level 1 aReading c102655d102655 00104050aELbELcERd2000-11-16eDonationl0oER He34 1985pE2375r2014-04-12 00:00:00w2014-04-12yBK